[Event "FRA-chT2 1011"]
[Site "France"]
[Date "2010.11.13"]
[Round "2.2"]
[White "Appendino, Jerome"]
[Black "Bertrand, Xavier"]
[Result "0-1"]
[WhiteElo "2199"]
[BlackElo "2119"]
[PlyCount "72"]
[EventDate "2010.10.17"]
[EventType "team-tourn"]
[EventRounds "11"]
[EventCountry "FRA"]
[SourceTitle "EXT 2012"]
[Source "ChessBase"]
[SourceDate "2011.11.24"]
[SourceVersion "1"]
[SourceVersionDate "2011.11.24"]
[SourceQuality "1"]

1. e4 e6 2. d4 d5 3. Nc3 Nc6 4. Nf3 Nf6 5. Bg5 Be7 6. e5 Ne4 7. Bd2 f6 8. Bd3 Nxd2 9. Qxd2 0-0 10. Ne2 Nb4 11. Bb5 a6 12. Ba4 Bd7 13. Bxd7 Qxd7 14. c3 Nc6 15. 0-0 Qe8 16. Rae1 fxe5 17. Nxe5 Nxe5 18. dxe5 c5 19. f4 Qc6 20. Rf3 Rad8 21. Rh3 Rf7 22. Rf1 Rdf8 23. Rff3 Bd8 24. Kh1 b5 25. b3 Ba5 26. Qc2 g6 27. Rfg3 Qc7 28. Rg4 Bb6 29. Rf3 c4 30. b4 Rd8 31. f5 exf5 32. e6 Rf6 33. Rxf5 Rdf8 34. Ng3 Qe5 35. Rxf6 Qe1+ 36. Nf1 Qxf1+ 0-1

[Event "FRA-chT2 Nord 0708"]
[Site "France"]
[Date "2008.03.16"]
[Round "9.3"]
[White "De Marchi, Olivier"]
[Black "Appendino, Jerome"]
[Result "1/2-1/2"]
[WhiteElo "2213"]
[BlackElo "2182"]
[PlyCount "96"]
[EventDate "2007.10.21"]
[EventType "team"]
[EventRounds "11"]
[EventCountry "FRA"]
[SourceTitle "EXT 2009"]
[Source "ChessBase"]
[SourceDate "2008.11.26"]
[SourceVersion "1"]
[SourceVersionDate "2008.11.26"]
[SourceQuality "1"]
[WhiteTeam "Club 608"]
[BlackTeam "Franconville"]
[WhiteTeamCountry "FRA"]
[BlackTeamCountry "FRA"]

1. d4 d5 2. c4 c6 3. Nc3 Nf6 4. e3 a6 5. Nf3 b5 6. b3 Bg4 7. h3 Bxf3 8. gxf3 e6 9. c5 e5 10. dxe5 Nfd7 11. f4 Nxc5 12. Bb2 Nbd7 13. Bg2 a5 14. a3 a4 15. b4 Nb3 16. Rb1 Nb6 17. Qc2 Rc8 18. 0-0 Nc4 19. Rfd1 Qc7 20. e4 dxe4 21. Nxa4 Nbd2 22. Rxd2 Nxd2 23. Qxd2 bxa4 24. Bxe4 Be7 25. Qc2 g6 26. Qxa4 0-0 27. Rc1 c5 28. b5 c4 29. Bd4 Qd7 30. Rxc4 Rxc4 31. Qxc4 Bxa3 32. Kg2 Rc8 33. Bc6 Qf5 34. Be3 g5 35. fxg5 Qxe5 36. Qg4 Rd8 37. b6 Bd6 38. b7 Bb8 39. Qc8 Qc7 40. Qxc7 Bxc7 41. Ba7 Kg7 42. Be4 h6 43. gxh6+ Kxh6 44. Bf5 Kg5 45. Bc8 Rd3 46. Be3+ Kf6 47. Kf3 Rb3 48. Ke4 Rb5 1/2-1/2

[Event "FICGS class C 000023 email"]
[Site "FICGS email"]
[Date "2007.06.05"]
[Round "1"]
[White "Appendino, Jerome"]
[Black "Dautovic, Dzenan"]
[Result "0-1"]
[WhiteElo "2192"]
[BlackElo "1875"]
[PlyCount "28"]
[EventDate "2007.??.??"]
[EventType "tourn (corr)"]
[EventRounds "4"]
[SourceTitle "Corr 2022"]
[Source "ChessBase"]
[SourceDate "2021.10.24"]
[SourceVersion "1"]
[SourceVersionDate "2021.10.24"]
[SourceQuality "1"]

1. e4 c5 2. Nf3 Nc6 3. d4 cxd4 4. Nxd4 Nf6 5. f3 Qb6 6. Nb3 e6 7. c4 Bb4+ 8. Nc3 0-0 9. Bg5 Rd8 10. Be2 d5 11. exd5 exd5 12. c5 Qc7 13. Bxf6 gxf6 14. 0-0 Na5 0-1

[Event "FRA-chT3 0304"]
[Site "Franconville"]
[Date "2004.04.04"]
[Round "9.2"]
[White "Anes, Emmanuel"]
[Black "Appendino, Jerome"]
[Result "0-1"]
[WhiteElo "2150"]
[BlackElo "2169"]
[PlyCount "82"]
[EventDate "2004.10.10"]
[EventType "team"]
[EventRounds "9"]
[EventCountry "FRA"]
[SourceTitle "EXT 2007"]
[Source "ChessBase"]
[SourceDate "2006.11.23"]
[SourceVersion "1"]
[SourceVersionDate "2006.11.23"]
[SourceQuality "1"]

1. d4 d5 2. e4 dxe4 3. Nc3 Nf6 4. f3 exf3 5. Nxf3 Bf5 6. Ne5 Bg6 7. g4 Nbd7 8. Qf3 c6 9. Nxg6 hxg6 10. g5 Nh5 11. Bc4 f5 12. gxf6 exf6 13. 0-0 Be7 14. Bf4 Nb6 15. Bb3 Nxf4 16. Qxf4 Qd6 17. Rae1 0-0-0 18. Be6+ Kb8 19. Ne2 Qxf4 20. Nxf4 Rh6 21. c3 g5 22. Bf5 Bd6 23. Ng6 Rxh2 24. Rf2 Rxf2 25. Kxf2 c5 26. dxc5 Bxc5+ 27. Kf3 Nc4 28. b3 Nd6 29. Bc2 Nb5 30. b4 Bd6 31. Re3 Rc8 32. a4 Rxc3 33. Rxc3 Nxc3 34. b5 Kc7 35. Ke3 Bc5+ 36. Kd3 Nd5 37. Kc4 Ne3+ 38. Kxc5 Nxc2 39. Ne7 g4 40. a5 g3 41. Nd5+ Kd7 0-1

[Event "Creon op 2nd"]
[Site "Creon"]
[Date "1997.??.??"]
[Round "?"]
[White "Appendino, Jerome"]
[Black "Gilbert, Christophe"]
[Result "1-0"]
[WhiteElo "2155"]
[BlackElo "2150"]
[PlyCount "105"]
[EventDate "1997.??.??"]
[EventType "swiss"]
[EventRounds "9"]
[EventCountry "FRA"]
[SourceTitle "EXT 2001"]
[Source "ChessBase"]
[SourceDate "2000.11.22"]
[SourceVersion "1"]
[SourceVersionDate "2000.11.22"]
[SourceQuality "1"]

1. e4 e6 2. d4 d5 3. Nc3 Nf6 4. Bg5 dxe4 5. Nxe4 Nbd7 6. Nf3 Be7 7. Ng3 c5 8. c3 cxd4 9. Nxd4 0-0 10. Qc2 Nd5 11. Bd2 Bg5 12. 0-0-0 Bxd2+ 13. Qxd2 N7f6 14. Bd3 Qc7 15. Bc2 Qf4 16. c4 Qxd2+ 17. Rxd2 Nb4 18. a3 Nxc2 19. Nxc2 Bd7 20. Nh5 Nxh5 21. Rxd7 Rab8 22. Rhd1 Nf6 23. R7d4 a5 24. f3 Rbc8 25. Ne3 Nd5 26. Nxd5 exd5 27. Rxd5 Rxc4+ 28. Kb1 b6 29. Rd6 b5 30. R1d5 b4 31. Rxa5 bxa3 32. Rxa3 Rfc8 33. Rc3 Rxc3 34. bxc3 Kf8 35. Kc2 Ke7 36. Rd4 Ra8 37. Kb2 Ke6 38. Rg4 g6 39. Rh4 h5 40. Rd4 Rb8+ 41. Kc2 Ra8 42. Kb3 g5 43. h4 f6 44. g4 hxg4 45. Rxg4 gxh4 46. Rxh4 f5 47. Rd4 Ra1 48. f4 Rb1+ 49. Kc2 Rb8 50. c4 Rg8 51. Kc3 Rb8 52. c5 Rb1 53. Kc4 1-0

[Event "FRA-chT U18"]
[Site "France"]
[Date "1996.??.??"]
[Round "?"]
[White "Appendino, Jerome"]
[Black "Frayssinet, Frank"]
[Result "1-0"]
[WhiteElo "2130"]
[BlackElo "1930"]
[PlyCount "41"]
[EventDate "1996.??.??"]
[EventType "team"]
[EventRounds "11"]
[EventCountry "FRA"]
[SourceTitle "EXT 2004"]
[Source "ChessBase"]
[SourceDate "2003.11.25"]
[SourceVersion "1"]
[SourceVersionDate "2003.11.25"]
[SourceQuality "1"]

1. e4 e6 2. d4 d5 3. Nc3 Nf6 4. Bg5 Bb4 5. e5 h6 6. Bd2 Bxc3 7. bxc3 Ne4 8. Qg4 g6 9. Nf3 c5 10. Bd3 Nxd2 11. Kxd2 Qa5 12. Bxg6 Rg8 13. Bxf7+ Kxf7 14. Qf4+ Kg7 15. Qf6+ Kh7 16. h4 cxd4 17. Ng5+ Rxg5 18. hxg5 Qxc3+ 19. Kd1 Qxa1+ 20. Ke2 d3+ 21. Kf3 1-0

[Event "Syre Memorial op 18th"]
[Site "Issy les Moulineaux"]
[Date "1995.05.??"]
[Round "2"]
[White "San Marco, Bruno"]
[Black "Appendino, Jerome"]
[Result "1-0"]
[WhiteElo "2270"]
[BlackElo "2020"]
[PlyCount "76"]
[EventDate "1995.05.??"]
[EventType "swiss"]
[EventRounds "6"]
[EventCountry "FRA"]
[SourceTitle "EXT 2007"]
[Source "ChessBase"]
[SourceDate "2006.11.23"]
[SourceVersion "1"]
[SourceVersionDate "2006.11.23"]
[SourceQuality "1"]

1. Nf3 f5 2. g3 Nf6 3. Bg2 e6 4. 0-0 Be7 5. d3 0-0 6. Nbd2 Na6 7. c3 b6 8. Ne5 Rb8 9. d4 c5 10. Nb3 Bb7 11. Bxb7 Rxb7 12. Qd3 b5 13. a4 c4 14. Qf3 Qb6 15. axb5 cxb3 16. bxa6 Rc7 17. Bg5 Nd5 18. Bxe7 Nxe7 19. Rfd1 Rb8 20. Ra4 Nc6 21. Nxc6 Qxc6 22. Qxc6 Rxc6 23. Kf1 d5 24. Ke1 Rbb6 25. Rda1 Kf7 26. Kd2 Ke7 27. Kd3 Kd7 28. R1a3 Kc7 29. h4 Kc8 30. c4 dxc4+ 31. Rxc4 Rxc4 32. Kxc4 Kc7 33. Rxb3 Rc6+ 34. Kd3 Rxa6 35. Ra3 Rxa3+ 36. bxa3 Kb6 37. f3 Ka5 38. e4 g6 1-0

[Event "FRA-chB"]
[Site "Toulouse"]
[Date "1995.??.??"]
[Round "3"]
[White "Appendino, Jerome"]
[Black "Sarthou, Gaetan"]
[Result "0-1"]
[WhiteElo "2135"]
[BlackElo "2245"]
[PlyCount "50"]
[EventDate "1995.08.??"]
[EventType "swiss"]
[EventRounds "11"]
[EventCountry "FRA"]
[SourceTitle "EXT 1998"]
[Source "ChessBase"]
[SourceDate "1997.11.17"]
[SourceVersion "1"]
[SourceVersionDate "1997.11.17"]
[SourceQuality "1"]

1. e4 e5 2. Bc4 Nf6 3. d3 c6 4. Nf3 d6 5. Nbd2 Be7 6. Bb3 0-0 7. Nf1 Nbd7 8. c3 Re8 9. Ng3 Nc5 10. Bc2 Qc7 11. 0-0 h6 12. d4 Ne6 13. Nf5 Bf8 14. h3 Kh7 15. g4 g6 16. Nxh6 Bxh6 17. Bxh6 Kxh6 18. g5+ Kg7 19. gxf6+ Kxf6 20. h4 Nf4 21. Kh2 Bg4 22. Kg3 Rh8 23. Rh1 Bh5 24. Qf1 Qc8 25. Nh2 Be2 0-1